000 00466nam a2200181Ia 4500
001 20995
005 20260306172847.0
008 260306t2013||||xx |||||||||||||| ||spa||
041 _aESP
082 _a343.83
_bG67
100 _aGonzales Montenegro, Yanina
_eAUT
245 0 _aRestitución de derechos arancelarios drawback:
_bpaso a paso
260 _c2013
300 _a262 pƔginas :
_c25 cm.
650 _aGEN
654 _aCCO
942 _cLIB
_dJUS
_fJUS
_2ddc
_n
999 _c20995
_d20995